000 00669nam a2200229 i 4500
001 bg
100 1 _aKaczmarczyk, Stanisław
_d(1945- ).
245 1 0 _aBadania marketingowe :
_bmetody i techniki /
_cStanisław Kaczmarczyk.
260 _aWarszawa :
_bPaństwowe Wydawnictwo Ekonomiczne,
_c1997.
300 _a499, [1] s. :
_bfaks., rys., wykr. ;
_c21 cm.
504 _aBibliogr. s. 487-491. - Indeks.
650 4 _aMarketing
655 4 _aPodręczniki akademickie
020 _a8320811147
040 _cBPK
041 0 _apol
080 _a339.138
080 _a(075.8)
920 _a83-208-1114-7
942 _cKS
008 980817s1997 pl f f |001 0 pol
999 _c33351
_d33351
856 _uhttp://koha.tu.koszalin.pl/cgi-bin/koha/opac-detail.pl?biblionumber=33351
_yKatalog online BPK